000 01406cam a2200217 4500
001 WB3936-07
008 030923n2003 000 0 eng u
035 _a(Sirsi) u123687
245 _aRICS UK Economic Brief for September 2003
260 _c2003
490 _aRICS News Service
_v17 September 2003 (1)
520 _aThe September brief published by the RICS Policy Unit shows economic recovery gathering pace in August with manufacturing in July achieving the largest rise in output for eight months. Although there are question marks over the durability of the economic upturn, it is likely that interest rates will stay on hold into 2004. Reviews the commercial property, construction and residential property markets. Commercial rental declines are less pronounced as better economic activity has aided the office sector. Construction output growth slowdown has continued. The housing market has shown renewed signs of life. The September brief is available at http://www.rics.org/downloads/brief/ebse03.pdf. http://www.rics.org/ricscms/bin/show?class=Brief&template=/includes/showbrief.html&id=525&faculty=RICS
590 _aWB
650 _aRICS UK ECONOMIC BRIEF
650 _aCOMMERCIAL RENTS
650 _aPROPERTY-COMMERCIAL PROPERTY-COMMERCIAL PROPERTY MARKET
650 _aCONSTRUCTION MARKET
650 _aRESIDENTIAL PROPERTY MARKET
690 _aECONOMIC ISSUES
942 _n0
999 _c73435
_d73435